000 00710nam a2200193Ii 4500
003 JO-AjNU
008 230605s9999||||xx |||||||||||||| ||und||
040 _aJO-AjNU
_bara
_erda
_cJO-AjNU
041 _aara
050 1 4 _aDG221.5.A2
100 3 _aتأليف علي،عبد اللطيف احمد,
_eauthor
_960392
245 0 0 _aالتاريخ الروماني: عصر الثورة من (تيبريوس جراكوس الى اكتافيانوس اغسطس)
264 3 1 _aبيروت: دار النهضة العربية، د.ت
300 _a362ص
336 _atext
_btxt
_2rdacontent
337 _aunmediated
_bn
_2rdamedia
338 _avolume
_bnc
_2rdacarrier
650 4 _aالرومان - تاريخ
_960393
999 _aA27230
_c30798
_d30798